000 00292nam a2200121Ia 4500
008 190216s9999||||xx |||||||||||||| ||und||
100 _aGaur V P&Amp; Narang B D
245 0 _aIncome Tax Law And Practice
260 _bKalyani Pub:-
_c1980
300 _a610p
650 _aCommerce
942 _cBK
999 _c4390
_d4390